| 000 | 00764nmm a2200301 a 4500 | ||
|---|---|---|---|
| 003 | AR-BaBNM | ||
| 005 | 20251128211811.0 | ||
| 008 | 276020s2006 ||||||||||||||000 | spa|| | ||
| 020 | _a987-00-0550-0 | ||
| 040 | _cAR-BaBNM | ||
| 100 | 1 | _aAnder-Egg, Ezequiel | |
| 245 | 1 | 0 | _aEl léxico del animador |
| 250 | _a1ª ed. | ||
| 260 |
_aBuenos Aires _bGrupo Editorial Lumen _c2006 |
||
| 300 | 0 | _a108 p. | |
| 650 | 4 | _aANIMACION CULTURAL | |
| 650 | 4 | _aPOLITICA CULTURAL | |
| 650 | 4 | _aCAMBIO CULTURAL | |
| 650 | 4 | _aTERMINOLOGIA | |
| 650 | 4 | _aDEMOCRACIA | |
| 650 | 4 | _aACCION SOCIAL | |
| 650 | 4 | _aTRABAJO SOCIAL | |
| 650 | 4 | _aPROGRAMAS CULTURALES | |
| 650 | 4 | _aCOMUNICACION SOCIAL | |
| 651 | 4 | _aAmérica Latina | |
| 942 | _cBK | ||
| 998 | _cme-solo cat | ||
| 999 |
_c21174 _d21174 |
||